Normal view
MARC view
Entry Meeting Name
001 - CONTROL NUMBER
- control field: 413232
003 - CONTROL NUMBER IDENTIFIER
- control field:
005 - DATE AND TIME OF LATEST TRANSACTION
- control field: 20210602122435.0
008 - FIXED-LENGTH DATA ELEMENTS
- fixed length control field: 210602|| aca||aabn | a|a d
040 ## - CATALOGING SOURCE
- Original cataloging agency:
- Transcribing agency:
111 ## - HEADING--MEETING NAME
- Meeting name or jurisdiction name as entry element: International Symposium on Function and Biosynthesis of Lipids
- Date of meeting or treaty signing: (1976 :
- Location of meeting: Sierra de la ventana, Argentine Republic)
670 ## - SOURCE DATA FOUND
- Source citation: Work cat.: (): International Symposium on Function and Biosynthesis of Lipids (1976 : Sierra de la ventana, Argentine Republic), Function and biosynthesis of lipids :, c1977
